Statistics for Number 10 shirt players of Argentina

Click here to take the quiz!

General Stats

  • This quiz has been taken 362 times
  • The average score is 7 of 14

Answer Stats

HintAnswer% Correct
2014Lionel Messi
88%
2010Lionel Messi
86%
1990Diego Maradona
82%
1986Diego Maradona
80%
1994Diego Maradona
75%
1982Diego Maradona
68%
1998Ariel Ortega
66%
2006Juan Roman Riquelme
66%
2002Ariel Ortega
53%
1978Mario Kempes
31%
1974Ramon Heredia
6%
1966Antonio Rattin
5%
1962Jose Sanfilippo
2%
1958Alfredo Rojas
1%

Score Distribution

Percentile by Number Answered

Percent of People with Each Score

Your Score History

You have not taken this quiz